| 000 | 00350 a2200157 4500 | ||
|---|---|---|---|
| 001 | 153328 | ||
| 040 | _cEscola São Tomás de Aquino | ||
| 100 | _aSABINO, Fernando | ||
| 240 | 1 | 0 |
_aCara ou coroa ? _lpor |
| 245 | 1 | 0 | _aCara ou coroa ? |
| 300 | _a123 | ||
| 362 | 0 | _a2015 | |
| 440 | 1 | _aÁtica | |
| 697 | _a*LITERATURA INFANTO JUVENIL | ||
| 942 | _cBK | ||
| 999 |
_c153328 _d153328 |
||